00683nam a2200157Ia 4500008004100000020001800041040001800059041000800077245021700085260003900302300001800341650003300359650002800392650004300420710006200463130821s2008 ck gr spa  a9789589329344 aCo-BoUCMbspa00aspa10aNuevos retos y perspectivas del pensamiento administrativo responsabilidad social ambiental, para la construcción de una cultura ambiental empresarialcAsociación Colombiana de Facultades de Administración aBogotá (Colombia)bASCOLFAc2008 a122 páginas04aAdministración de empresas04aÉtica de los negocios04aResponsabilidad social de los negocios1 aAsociación Colombiana de Facultades de Administración